Statistics for Dino Bash Dinos

Click here to take the quiz!

General Stats

  • This quiz has been taken 7 times
  • The average score is 9 of 14

Answer Stats

HintAnswer% Correct
the king of dinosaursT-Rex
100%
biggest carnivore that livedSpino
83%
has plates on his backStego
83%
the big sauropodBrachio
67%
he will throw ice rocks at youFrosty
67%
has a evil twinRambo
67%
is the evil twinRocky
67%
"a caveman's nightmare"Raptor
50%
he's pretty "snappy"Snappy
50%
the green little brotherSpitty
50%
A Jr. of the king of dinosaursT-Rex Jr.
50%
always protects his buddiesTricer
50%
he has super tanky furMammoth
33%
the green big brotherSpittosaur
33%

Score Distribution

Percentile by Number Answered

Percent of People with Each Score

Your Score History

You have not taken this quiz